000 00945nam a2200373Ia 4500
001 4718
005 20240113233755.0
007 ta
008 050614s1994 g b000 u asm u
020 _cRs. 50.00 (HB)
040 _aCotton College,Assam
041 _aasm
082 _a891.41
_bSh 11 Pu
100 _aSharma, Nabin Ch. .
245 0 _aPurani Asamiya Sahityar Suvas /
_cNabin Ch. Sharma.
_hTextual Documents
250 _a2nd rev. ed. /
260 _aGuwahati :
_bBani Prakash Pvt Ltd ,
_c1994.
300 _a254p. ;
_c22cm.
365 _aRs. 50.00
653 _aAssamese Essay-Collections
653 _aPG-Assamese
653 _aMS-Assamese
653 _aG-Assamese
653 _aTG-Assamese
942 _2ddc
_cBK
999 _c4705
_d4705